| 000 | 00843nam a2200253 a 4500 | ||
|---|---|---|---|
| 001 | 26420 | ||
| 003 | CO-ViMGA | ||
| 005 | 20230915223422.0 | ||
| 008 | 141112s2004 ck r 000 u spa d | ||
| 020 | _a9789681683740 | ||
| 040 |
_aCO-ViMGA _bspa _cCO-ViMGA |
||
| 041 | _aspa eng | ||
| 043 | _an - us - - - | ||
| 090 | _aC LARm | ||
| 100 | 1 |
_aLaRochelle, David. _93598 |
|
| 245 | 1 | 0 |
_aLa mejor mascota / _cDavid LaRochelle ; traducción de Laura Emilia Pacheco ; ilustraciones de Hanako Wakiyama. |
| 260 |
_aMéxico : _bFondo de Cultura Económica, _c2007. |
||
| 300 | _a[30] p. : il. ; 22 cm. | ||
| 650 | 1 | 4 |
_aCuentos infantiles estadounidenses. _9823 |
| 700 | 1 |
_aPacheco, Laura Emilia, tr. _93599 |
|
| 942 |
_2ddc _cBK |
||
| 949 | _an n | ||
| 999 |
_c9962 _d9962 |
||